The little Red Hen

Đã lưu trong:
書目詳細資料
主要作者: Sue Arengo, Laurence Cleyet-Merle
格式: 未知
出版: 2010
標簽: 添加標簽
沒有標簽, 成為第一個標記此記錄!
Thư viện lưu trữ: Mạng thư viện Đại học Đà Nẵng
LEADER 00729na a2200217 4500
001 000032876
003 9001
005 20151002110607.0
008 151002s2010 000
082 |a 420.83 
100 |a Sue Arengo, Laurence Cleyet-Merle 
245 |a The little Red Hen  |c Sue Arengo, Laurence Cleyet-Merle 
260 |c 2010 
OWN |a LNN 
AVA |a UDN50  |b LNN  |d 420.83  |e available  |t Error 5001 Not defined in file expand_doc_bib_avail.  |f 1  |g 0  |h N  |i 0  |k 1 
999 |a From the UDN01 
AVA |a UDN50  |b LNN  |d 420.83  |e available  |t Error 5001 Not defined in file expand_doc_bib_avail.  |f 1  |g 0  |h N  |i 0  |k 1 
TYP |a Printed language 
980 |a Mạng thư viện Đại học Đà Nẵng